[Event "AUTO-OPEN-606"]
[Site "http://www.queenalice.com/game.php?id=190278"]
[Date "2007.3.31"]
[Round "1"]
[White "sora07"]
[Black "chess66"]
[Result "1-0"]
[WhiteElo "1616"]
[BlackElo "1728"]

1. Nf3 d5 2. e3 Nf6 3. Be2 Bg4 4. O-O Nc6 5. d4 e6 6. Ne5 Bxe2 7. Qxe2 Bd6 8.
Nc3 Nxe5 9. dxe5 Bxe5 10. Bd2 O-O 11. a3 c6 12. b4 Ne4 13. Nxe4 Bxa1 14. Rxa1
dxe4 15. Rd1 Qf6 16. g3 Rfd8 17. Kf1 Rd7 18. Kg2 Rad8 19. Kf1 Qf3 20. Qxf3 exf3
21. Ke1 f6 22. c4 Rd3 23. a4 Kf7 24. h4 e5 25. c5 h5 26. e4 1-0

[Event "AUTO-OPEN-606"]
[Site "http://www.queenalice.com/game.php?id=190279"]
[Date "2007.3.31"]
[Round "1"]
[White "chess66"]
[Black "sora07"]
[Result "0-1"]
[WhiteElo "1698"]
[BlackElo "1636"]

1. e4 e5 2. Nf3 Nc6 3. Bb5 d6 4. d4 Bd7 5. Nc3 exd4 6. Nxd4 Nxd4 7. Bxd7+ Qxd7
8. Qxd4 O-O-O 9. Qxa7 c6 10. Be3 Qc7 11. Bb6 Qb8 12. Qxb8+ Kxb8 13. Bxd8 Kc8 14.
Bh4 Nf6 15. O-O-O Be7 16. Bxf6 Bxf6 17. Rxd6 Bxc3 18. bxc3 Rd8 19. Rxd8+ Kxd8
20. Kb2 Ke7 21. Kb3 Kd6 22. f4 g6 23. Kc4 f5 24. e5+ Ke6 25. Kc5 h5 0-1

[Event "AUTO-OPEN-606"]
[Site "http://www.queenalice.com/game.php?id=190306"]
[Date "2007.3.31"]
[Round "1"]
[White "chess66"]
[Black "Matman"]
[Result "1-0"]
[WhiteElo "1636"]
[BlackElo "1371"]

1. e4 d5 2. exd5 Qxd5 3. Nf3 Bg4 4. Be2 Nf6 5. d4 Nc6 6. O-O O-O-O 7. Be3 h5 8.
c4 Qd7 9. Nc3 a6 10. a3 e6 11. b4 Bxf3 12. Bxf3 Nxd4 13. Bxd4 Qxd4 14. Qb3 Ng4
15. b5 Nxh2 16. Kxh2 Qh4+ 17. Kg1 Bd6 18. g3 Bxg3 19. fxg3 Qxg3+ 20. Kh1 Rd2 21.
Ne2 Rxe2 22. Bxb7+ Kxb7 23. Qxg3 Rd8 24. bxa6+ Kxa6 25. Qxc7 Red2 26. Qc6+ Ka5
27. Qb5# 1-0

[Event "AUTO-OPEN-606"]
[Site "http://www.queenalice.com/game.php?id=190307"]
[Date "2007.3.31"]
[Round "1"]
[White "Matman"]
[Black "chess66"]
[Result "0-1"]
[WhiteElo "1707"]
[BlackElo "1584"]

1. e4 Nf6 2. e5 Nd5 3. Bc4 Nb6 4. Bb3 Nc6 5. Nf3 Na5 6. Bxf7+ Kxf7 7. Ng5+ Kg8
8. Qf3 Qe8 9. O-O h6 10. Ne4 Nc6 11. Qb3+ Qf7 12. Qg3 Qf5 13. Qb3+ e6 14. d3
Nxe5 15. Nbd2 h5 16. Ng3 Qg6 17. Nde4 h4 18. Nh1 Nf3# 0-1

[Event "AUTO-OPEN-606"]
[Site "http://www.queenalice.com/game.php?id=190308"]
[Date "2007.3.31"]
[Round "1"]
[White "chess66"]
[Black "fabcosta"]
[Result "0-1"]
[WhiteElo "1667"]
[BlackElo "1967"]

1. e4 Nf6 2. e5 Nd5 3. c4 Nb6 4. d4 d6 5. exd6 cxd6 6. Nc3 g6 7. Nf3 Bg7 8. Be3
O-O 9. Be2 Nc6 10. O-O Bg4 11. b3 Rc8 12. Rc1 d5 13. c5 Na8 14. a3 Nc7 15. b4 a6
16. Rb1 e6 17. a4 Qf6 18. Ne5 Bxe2 0-1

[Event "AUTO-OPEN-606"]
[Site "http://www.queenalice.com/game.php?id=190309"]
[Date "2007.3.31"]
[Round "1"]
[White "fabcosta"]
[Black "chess66"]
[Result "1-0"]
[WhiteElo "1963"]
[BlackElo "1673"]

1. d4 d5 2. c4 e6 3. Nc3 c6 4. Nf3 Nf6 5. Bg5 h6 6. Bxf6 Qxf6 7. e3 Bb4 8. Bd3
Nd7 9. O-O O-O 10. Rc1 dxc4 11. Bxc4 b5 12. Bd3 Bb7 13. Ne4 Qe7 14. a3 Ba5 15.
Ne5 Nxe5 16. dxe5 Bc7 17. f4 Rad8 18. Qe2 Rd5 19. b4 1-0

[Event "AUTO-INT-401"]
[Site "http://www.queenalice.com/game.php?id=191102"]
[Date "2007.4.3"]
[Round "1"]
[White "dlabedz"]
[Black "chess66"]
[Result "1-0"]
[WhiteElo "1293"]
[BlackElo "1619"]

1. d4 d5 2. e3 Nf6 3. b3 Bf5 4. Be2 e6 5. g4 Bg6 6. f3 c5 7. c3 cxd4 8. cxd4 Nc6
9. a3 Bd6 10. Nh3 h5 11. g5 Nd7 12. Bd2 Qe7 13. f4 Bxb1 14. Rxb1 Bxa3 15. O-O g6
16. b4 Bxb4 17. Bc1 O-O 18. Bd3 a5 19. Rf2 Nb6 20. Qf1 Nc4 21. Rc2 b5 22. Nf2
Rfb8 23. Nd1 Ba3 24. Bxc4 bxc4 25. Rc3 Rxb1 26. Bxa3 Qb7 27. Qe2 Rb3 28. Qd2
Rxc3 29. Nxc3 Qb3 30. Bb2 a4 31. Kf2 1-0

[Event "AUTO-INT-401"]
[Site "http://www.queenalice.com/game.php?id=191103"]
[Date "2007.4.3"]
[Round "1"]
[White "chess66"]
[Black "dlabedz"]
[Result "1-0"]
[WhiteElo "1649"]
[BlackElo "1273"]

1. e4 d5 2. exd5 Qxd5 3. Nf3 Qe6+ 4. Be2 Nc6 5. O-O g6 6. d4 h6 7. c4 Na5 8. Re1
Nxc4 9. Qa4+ Bd7 10. Qxc4 c6 11. Qb4 b6 12. Bf4 g5 13. Bc4 Qf5 14. Bg3 e6 15.
Qb3 Bg7 16. Bd3 Qg4 17. h3 Qh5 18. Ne5 O-O-O 19. Ba6+ Kb8 20. Nxd7+ Ka8 21.
Nxb6+ axb6 22. Qxb6 Rb8 23. Qxb8# 1-0

[Event "AUTO-INT-401"]
[Site "http://www.queenalice.com/game.php?id=191116"]
[Date "2007.4.3"]
[Round "1"]
[White "mast"]
[Black "chess66"]
[Result "1-0"]
[WhiteElo "1484"]
[BlackElo "1587"]

1. e4 Nf6 2. Nc3 d5 3. Bd3 d4 4. Nb5 e5 5. a4 a6 6. Na3 Bxa3 7. Rxa3 O-O 8. Nf3
c5 9. b3 Nc6 10. c3 Bg4 11. O-O Rb8 12. h3 Bxf3 13. Qxf3 Qd6 14. Bc4 Ne7 15. Bb2
b5 16. axb5 axb5 17. Bd3 c4 18. Bc2 cxb3 19. Rxb3 dxc3 20. Bxc3 b4 21. Qd3 Qxd3
22. Bxd3 bxc3 23. Rxc3 Rfd8 24. Rfc1 Rbc8 25. R1c2 Rxc3 26. Rxc3 Ng6 27. g3 Nf8
28. Kg2 Ne6 29. f3 Kf8 30. Kf2 Nd7 31. Bc4 Ndc5 32. d3 Ke7 33. Bd5 f6 34. g4 Kd6
35. Ke3 Nf4 36. Bc4 Nxh3 37. Ra3 Ng5 38. Ra6+ Nxa6 39. Bxa6 Ra8 40. Bb7 1-0

[Event "AUTO-INT-401"]
[Site "http://www.queenalice.com/game.php?id=191117"]
[Date "2007.4.3"]
[Round "1"]
[White "chess66"]
[Black "mast"]
[Result "1-0"]
[WhiteElo "1705"]
[BlackElo "1529"]

1. e4 e5 2. Nf3 Nc6 3. Bb5 Qf6 4. O-O Bc5 5. Bxc6 dxc6 6. d3 h6 7. Be3 Bxe3 8.
fxe3 Qg6 9. Nxe5 Qe6 10. Nxf7 Rh7 11. Qh5 g6 12. Qc5 Rxf7 13. Nd2 Qd6 14. Qc3
Nf6 15. Nc4 Qc5 16. Rxf6 Rxf6 17. Qxf6 Qg5 18. Qxg5 hxg5 19. Ne5 Be6 20. Nxg6
Bf7 21. Ne5 Be6 22. a3 a6 23. Rf1 Ke7 24. Nf3 Rg8 25. Nd4 c5 26. Nxe6 Kxe6 27.
Rf5 b6 28. g4 a5 29. Kf2 c6 30. Kg3 Rg6 31. h4 gxh4+ 32. Kxh4 Rh6+ 33. Kg3 Rf6
34. Rxf6+ 1-0

[Event "AUTO-INT-401"]
[Site "http://www.queenalice.com/game.php?id=191126"]
[Date "2007.4.3"]
[Round "1"]
[White "chess66"]
[Black "Dangermouse"]
[Result "1-0"]
[WhiteElo "1680"]
[BlackElo "1628"]

1. e4 e6 2. d4 d5 3. Nd2 c5 4. Ngf3 Nc6 5. Bb5 Bd7 6. exd5 exd5 7. dxc5 Bxc5 8.
O-O Nge7 9. Nb3 O-O 10. Nxc5 a6 11. Nxd7 Qxd7 12. Ne5 Qe8 13. Bxc6 bxc6 14. Bf4
Ng6 15. Nxg6 hxg6 16. Bd6 Rb8 17. Bxf8 Qxf8 18. b3 Qc5 19. Qd3 Ra8 20. c4 dxc4
21. Qxc4 Qd6 22. Rad1 Qe7 23. Qxc6 Qa3 24. Qxa8+ 1-0

[Event "AUTO-INT-401"]
[Site "http://www.queenalice.com/game.php?id=191127"]
[Date "2007.4.3"]
[Round "1"]
[White "Dangermouse"]
[Black "chess66"]
[Result "0-1"]
[WhiteElo "1628"]
[BlackElo "1651"]

1. e4 Nf6 2. Nc3 d5 3. exd5 Nxd5 4. Qf3 Nxc3 5. Qxc3 Nc6 6. Bb5 Bd7 7. Bxc6 Bxc6
8. f3 Qd6 9. d3 O-O-O 10. Ne2 e5 11. Bg5 f6 12. Bh4 g5 13. Bf2 Kb8 14. O-O-O Qe6
15. Kb1 Bd5 16. Qa5 b6 17. Qa4 Bc6 18. Qa6 Rd5 19. Qc4 Qd7 20. Nc3 Ra5 21. b4
Bd5 22. Qg4 Be6 23. Qg3 Bxb4 24. Ne4 Qa4 25. Kc1 Qxa2 26. c3 Ba3# 0-1